Loading...

കുമ്പളങ്ങി കാലിഡോസ്കോപ്പ്

Bibliographic Details
Main Author: Thomas K V
Format: Printed Book
Published: Kottayam D C Books 2014
Subjects:
LEADER 00588nam a22001697a 4500
003 OSt
020 |a 9788126451760 
082 |a 817  |b THO/KU 
100 |a Thomas K V 
245 |a കുമ്പളങ്ങി കാലിഡോസ്കോപ്പ് 
260 |a Kottayam  |b D C Books  |c 2014 
300 |a 134 Pages 
500 |a Kumbalangi Kaleidoscope 
650 |a Malayalam humour 
942 |2 ddc  |c BK 
999 |c 141866  |d 141866 
952 |0 0  |1 0  |2 ddc  |4 0  |6 817_000000000000000_THOKU  |7 0  |9 140790  |a KAUCLV  |b KAUCLV  |c GENERAL  |d 2015-11-09  |g 110.00  |l 1  |o 817 THO/KU  |p 224390  |r 2018-06-20  |s 2018-04-03  |w 2015-11-09  |y BK